• 首页
  • 本馆介绍
  • 公告通知
  • 最新文献
  • 馆藏检索
  • 电子资源
  • 读者导购
  • 参考咨询
  • 我的图书馆
  • 登录
  • 详细信息显示
  • 放入我的书架
  • 预约/预借图书
  • 作者相关作品
  • 分类相关作品
  • 丛书相关作品
  • 出版社相关作品

书目信息

  • 表格格式
  • 工作单格式
  • 卡片格式
题名:
中文版AutoCAD 2014室内装潢设计案例教程
    
 
作者: 廖承运 , 马晓娟 , 李杰 主编
分册:  
出版信息: 镇江   江苏大学出版社  2015
页数: 277页
开本: 26cm
丛书名:
单 册:
中图分类: TU238-39
科图分类:
主题词: 室内装饰设计--计算机辅助设计--AutoCAD软件--高等学校--教材
电子资源:
ISBN: 978-7-81130-928-7
000 01065nam0 2200253 450
001 0400002015
005 20171019215215.0
010    @a978-7-81130-928-7@dCNY48.00
100    @a20150920e20162015em y0chiy50 ea
101 0  @achi
102    @aCN@b320000
105    @aa z 000yy
106    @ar
200 1  @a中文版AutoCAD 2014室内装潢设计案例教程@9zhong wen ban AutoCAD 2014 shi nei zhuang huang she ji an li jiao cheng@f廖承运,马晓娟,李杰主编
210    @a镇江@c江苏大学出版社@d2015@h2016.12
215    @a277页@c图@d26cm
330    @a本书共9章,内容涵盖AutoCAD 2014基础入门,常用绘图和编辑命令,室内设计制图基础知识,绘制住宅室内装潢平面图、顶棚图、立面图和构造详图,绘制办公空间室内平面图、顶棚图和立面图,绘制宾馆大堂室内装潢施工图,以及绘制某餐厅室内装潢施工图等。
606 0  @a室内装饰设计@x计算机辅助设计@xAutoCAD软件@x高等学校@j教材
690    @aTU238-39@v5
701  0 @a廖承运@9liao cheng yun@4主编
701  0 @a马晓娟@9ma xiao juan@4主编
701  0 @a李杰@9li jie@4主编
801  0 @aCN@b91MARC@c20171019
905    @b1026171-5@dTU238-39@f5@e1053
    
    中文版AutoCAD 2014室内装潢设计案例教程/廖承运,马晓娟,李杰主编.-镇江:江苏大学出版社,2015(2016.12)
    277页:图;26cm
    
    
    ISBN 978-7-81130-928-7:CNY48.00
    本书共9章,内容涵盖AutoCAD 2014基础入门,常用绘图和编辑命令,室内设计制图基础知识,绘制住宅室内装潢平面图、顶棚图、立面图和构造详图,绘制办公空间室内平面图、顶棚图和立面图,绘制宾馆大堂室内装潢施工图,以及绘制某餐厅室内装潢施工图等。
●
相关链接 在E读中查询图书 在五车中查询图书 在当当中查询图书 在豆瓣中查询图书


正题名:中文版AutoCAD 2014室内装潢设计案例教程     索取号:TU238-39/1053         预约/预借

序号 登录号 条形码 馆藏地/架位号 状态 备注
1 1026171   210261713   第二样本阅览室/ [索取号:TU238-39/1053] 在馆    
2 1026172   210261722   密集书库-生命科学系/ [索取号:TU238-39/1053] 在馆    
3 1026173   210261731   第三借阅区/ [索取号:TU238-39/1053] 在馆    
4 1026174   210261740   第三借阅区/ [索取号:TU238-39/1053] 在馆    
5 1026175   210261759   第三借阅区/ [索取号:TU238-39/1053] 在馆    
唐山师范学院图书馆 欢迎您!
大连网信软件有限公司© 版权所有